000 00235nam a2200097Ia 4500
008 190216s9999||||xx |||||||||||||| ||und||
100 _aVasu A C
245 0 _aAinstinum Apekshika Sidhanthavum
260 _bKerala Basha Inst
942 _cBK
999 _c37735
_d37735